Normal view MARC view
  • Popoloca

Entry Materia

Number of records used in: 4

001 - NÚMERO DE CONTROL DEL REGISTRO

  • campo de control: 49164

003 - IDENTIFICADOR DE NUMERO DE CONTROL

  • campo de control: MX-MxUPN

005 - FECHA Y HORA DE LA ÚLTIMA TRANSACCIÓN

  • campo de control: 20231010114834.0

008 - DATOS DE LONGITUD FIJA

  • campo de control de longitud fija: 230606 n fnnnnbaba n a|a d

040 ## - FUENTE DE LA CATALOGACIÓN

  • Centro catalogador de origen: MX-MxUPN
  • Lengua de catalogación: spa

150 ## - ENCABEZAMIENTO - TEMÁTICO

  • Término de materia o nombre geográfico como elemento inicial: Popoloca
  • Subdivisión de materia general: Estudio y enseñanza (Elemental)

670 ## - FUENTE EN LA QUE SE LOCALIZARON DATOS

  • Cita de la fuente: Escamilla González, G. Lista de encabezamientos de materia, 1978 :
  • Información localizada: página 677 (Popoloca)

670 ## - FUENTE EN LA QUE SE LOCALIZARON DATOS

  • Cita de la fuente: Autoridades BGTQ, 06 junio 2023 :
  • Información localizada: (Subencabezamiento general: Estudio y enseñanza (Elemental))

670 ## - FUENTE EN LA QUE SE LOCALIZARON DATOS

  • Cita de la fuente: Wikipedia, 06 junio 2023 :
  • Información localizada: Idioma popoloca (Las lenguas popolocas no deben confundirse con las lenguas llamadas popolucas habladas en Veracruz, que pertenecen a la familia mije-soque)
  • Identificador Uniforme del Recurso: https://es.wikipedia.org/wiki/Idioma_popoloca

680 ## - NOTA GENERAL CON DESPLIEGUE PÚBLICO

  • Texto explicativo: Las lenguas popolocas no deben confundirse con las lenguas llamadas popolucas habladas en Veracruz, que pertenecen a la familia mije-soque.

902 ## - CATALOGADOR

  • Catalogador: VíctorGodínez/060623